| 000 | 00805cam a22002173a 4500 | ||
|---|---|---|---|
| 001 | 33813 | ||
| 003 | PGUSA | ||
| 005 | 20140828083730.0 | ||
| 008 | 100926s2010||||xxu|||||s|||||000 | eng d | ||
| 040 |
_aPGUSA _beng |
||
| 042 | _adc | ||
| 100 | 1 |
_aWoolson, Constance Fenimore, _d1840-1894 |
|
| 245 | 1 | 0 |
_aRodman the Keeper : _bSouthern Sketches _h[electronic resource] / _cConstance Fenimore Woolson |
| 260 |
_bProject Gutenberg, _c2010 |
||
| 505 | 0 | _aRodman the Keeper -- Sister St. Luke -- Miss Elizabetha -- Old Gardiston -- The South Devil -- In the Cotton Country -- Felipa -- "Bro." -- King David -- Up in the Blue Ridge | |
| 506 | _aPublic domain in the USA. | ||
| 516 | _aElectronic text | ||
| 830 | 0 |
_aProject Gutenberg _v33813 |
|
| 856 | 4 | 0 | _uhttp://www.gutenberg.org/ebooks/33813 |
| 942 | _cEB | ||
| 999 |
_c263068 _d263068 |
||